[Event "Iran Chess Championship Semi Final 2015 "]
[Site "Rasht , Iran"]
[Date "2015.12.14"]
[Round "2"]
[Board "7"]
[White "Javanbakht, Nima"]
[Black "Javani, Shahin"]
[Result "1-0"]
[WhiteElo "2410"]
[BlackElo "2076"]
[PlyCount "0"]
[EventDate "2015.12.13"]
[EventRounds "9"]
[EventCountry "IRI"]

1. d4 {[%clk 1:30:58]} Nf6 {[%clk 1:28:56]} 2. c4 {[%clk 1:31:04]} e6
{[%clk 1:29:16]} 3. Nf3 {[%clk 1:31:19]} Bb4+ {[%clk 1:28:45]} 4. Nbd2
{[%clk 1:31:27]} d5 {[%clk 1:17:47]} 5. g3 {[%clk 1:26:10]} Ne4 {[%clk 1:10:16]}
6. Bg2 {[%clk 1:24:47]} f5 {[%clk 1:08:26]} 7. O-O {[%clk 1:23:41]} c6
{[%clk 1:07:41]} 8. Ne5 {[%clk 1:19:40]} Bxd2 {[%clk 1:05:40]} 9. Bxd2
{[%clk 1:19:45]} Nxd2 {[%clk 1:05:58]} 10. Qxd2 {[%clk 1:20:11]} O-O
{[%clk 1:06:18]} 11. Qc3 {[%clk 1:17:04]} Nd7 {[%clk 1:05:18]} 12. Nd3
{[%clk 1:17:08]} Qe7 {[%clk 1:03:36]} 13. b4 {[%clk 1:06:21]} Nb6
{[%clk 0:58:10]} 14. c5 {[%clk 1:03:10]} Nc4 {[%clk 0:56:34]} 15. Rfe1
{[%clk 0:54:37]} Bd7 {[%clk 0:41:18]} 16. a4 {[%clk 0:46:06]} a5 {[%clk 0:27:54]}
17. bxa5 {[%clk 0:39:22]} Ra6 {[%clk 0:26:12]} 18. Reb1 {[%clk 0:35:54]} Rb8
{[%clk 0:26:32]} 19. e3 {[%clk 0:33:27]} Qd8 {[%clk 0:24:44]} 20. Bf1
{[%clk 0:31:50]} Nxa5 {[%clk 0:22:06]} 21. Ne5 {[%clk 0:31:35]} Ra7
{[%clk 0:22:14]} 22. Rb6 {[%clk 0:31:50]} Qc7 {[%clk 0:18:59]} 23. h4
{[%clk 0:31:35]} Be8 {[%clk 0:18:46]} 24. Be2 {[%clk 0:32:00]} Qe7
{[%clk 0:18:36]} 25. Rab1 {[%clk 0:31:35]} h6 {[%clk 0:17:51]} 26. Kg2
{[%clk 0:29:42]} Qd8 {[%clk 0:15:56]} 27. Qb4 {[%clk 0:27:42]} Qe7
{[%clk 0:14:23]} 28. Ba6 {[%clk 0:24:24]} Nc4 {[%clk 0:12:02]} 29. Bxc4
{[%clk 0:21:33]} dxc4 {[%clk 0:12:23]} 30. Qxc4 {[%clk 0:21:55]} Rba8
{[%clk 0:12:27]} 31. R1b4 {[%clk 0:20:48]} Bh5 {[%clk 0:11:32]} 32. Qb3
{[%clk 0:20:57]} 1-0

[Event "Iran Chess Championship Semi Final 2015 "]
[Site "Rasht , Iran"]
[Date "2015.12.14"]
[Round "2"]
[Board "8"]
[White "Khatibi, Meysam"]
[Black "Mahjoob Zardast, Morteza"]
[Result "1/2-1/2"]
[WhiteElo "2172"]
[BlackElo "2381"]
[PlyCount "0"]
[EventDate "2015.12.13"]
[EventRounds "9"]
[EventCountry "IRI"]

1. e4 c5 2. Nf3 Nc6 3. d4 cxd4 4. Nxd4 g6 5. Nc3 Bg7 6. Be3 Nf6 7. f3 O-O 8. Qd2
d5 9. O-O-O dxe4 10. Nxc6 Qxd2+ 11. Rxd2 bxc6 12. Nxe4 Nd5 13. Bc5 Re8 14. c4 Nc7
15. Be3 a5 16. Be2 Ne6 17. h4 f5 18. Ng5 f4 19. Bf2 Nxg5 20. hxg5 Bf5 21. Bd4 a4
22. Bxg7 Kxg7 23. Rd4 a3 24. Rxf4 axb2+ 25. Kxb2 Reb8+ 26. Ka1 Rd8 27. Rfh4 h5
28. gxh6+ Kh7 29. Rd1 Rab8 30. Rhh1 Rxd1+ 31. Rxd1 Kxh6 32. Bd3 Kg5 33. g3 e5 34.
c5 Ra8 35. Bxf5 gxf5 36. Re1 Kf6 37. Rd1 Ra3 38. Rd6+ Kf7 39. Rd7+ Ke6 40. Rd6+
Ke7 41. Kb2 Rxf3 42. a4 Rxg3 43. a5 f4 44. a6 f3 45. a7 Rg8 46. Rd3 Ra8 47. Rxf3
Rxa7 48. Kb3 Ke6 49. Kb4 e4 50. Rh3 Ke5 51. Rh8 Re7 52. Kc4 Kf4 53. Rf8+ Ke5 54.
Rh8 e3 55. Kd3 Rd7+ 56. Kxe3 Kd5 57. Kd3 Kxc5+ 58. Kc3 Rd5 59. Rh4 Rg5 60. Rc4+
Kb6 61. Rb4+ Kc7 62. Rh4 Rg3+ 63. Kc4 Kb6 64. Rf4 Rg1 65. Rh4 Rc1+ 66. Kb4 c5+
67. Ka4 Ra1+ 68. Kb3 Rb1+ 69. Kc3 Rg1 70. Rh8 Rg3+ 71. Kc4 Rg4+ 72. Kc3 Rf4 73.
Rb8+ Kc7 74. Rh8 Re4 75. Rh6 Rd4 76. Rg6 Rd6 77. Rxd6 Kxd6 78. Kc4 Kc6 79. Kc3
Kd5 80. Kd3 c4+ 81. Kc3 Kc5 82. Kc2 Kd4 83. Kd2 c3+ 84. Kc2 Kc4 85. Kc1 Kd3 86.
Kd1 c2+ 87. Kc1 Kc3 1/2-1/2

[Event "Iran Chess Championship Semi Final 2015 "]
[Site "Rasht , Iran"]
[Date "2015.12.14"]
[Round "2"]
[Board "9"]
[White "Sedaghati, Mehrdad"]
[Black "Rastbod, Ali"]
[Result "1-0"]
[WhiteElo "2325"]
[BlackElo "2069"]
[PlyCount "0"]
[EventDate "2015.12.13"]
[EventRounds "9"]
[EventCountry "IRI"]

1. e4 {[%clk 1:22:15]} e6 {[%clk 1:30:56]} 2. d4 {[%clk 1:22:28]} d5
{[%clk 1:31:25]} 3. Nd2 {[%clk 1:22:24]} Nc6 {[%clk 1:31:50]} 4. Ngf3
{[%clk 1:22:00]} Nf6 {[%clk 1:32:18]} 5. e5 {[%clk 1:19:21]} Nd7 {[%clk 1:32:39]}
6. Bd3 {[%clk 1:15:01]} Nb4 {[%clk 1:32:17]} 7. Be2 {[%clk 1:14:59]} c5
{[%clk 1:32:32]} 8. c3 {[%clk 1:13:48]} Nc6 {[%clk 1:32:56]} 9. O-O
{[%clk 1:13:56]} Qb6 {[%clk 1:16:27]} 10. Nb3 {[%clk 1:03:01]} cxd4
{[%clk 1:16:36]} 11. cxd4 {[%clk 1:03:18]} a5 {[%clk 1:16:59]} 12. a4
{[%clk 0:58:39]} Be7 {[%clk 1:17:18]} 13. Bg5 {[%clk 0:56:48]} O-O
{[%clk 1:11:50]} 14. Rc1 {[%clk 0:43:50]} Ndb8 {[%clk 0:55:50]} 15. Bd3
{[%clk 0:41:04]} h6 {[%clk 0:48:50]} 16. Bxe7 {[%clk 0:38:19]} Nxe7
{[%clk 0:48:56]} 17. Bb1 {[%clk 0:34:22]} Nbc6 {[%clk 0:46:32]} 18. Qc2
{[%clk 0:33:22]} Ng6 {[%clk 0:44:42]} 19. Nc5 {[%clk 0:30:39]} Nb4
{[%clk 0:43:40]} 20. Qd2 {[%clk 0:26:25]} Qd8 {[%clk 0:43:02]} 21. Rc3
{[%clk 0:17:16]} b6 {[%clk 0:36:57]} 22. Nd3 {[%clk 0:16:48]} Ba6
{[%clk 0:37:21]} 23. Rd1 {[%clk 0:17:00]} Qd7 {[%clk 0:31:53]} 24. b3
{[%clk 0:14:07]} Nxd3 {[%clk 0:32:02]} 25. Bxd3 {[%clk 0:14:32]} b5
{[%clk 0:32:28]} 26. Bxg6 {[%clk 0:12:19]} fxg6 {[%clk 0:31:08]} 27. axb5
{[%clk 0:10:28]} Bxb5 {[%clk 0:30:58]} 28. Rdc1 {[%clk 0:09:31]} Ra7
{[%clk 0:22:59]} 29. Qc2 {[%clk 0:04:52]} Qf7 {[%clk 0:19:43]} 30. Rc5
{[%clk 0:05:17]} Be8 {[%clk 0:19:46]} 31. Ra1 {[%clk 0:05:13]} g5
{[%clk 0:18:03]} 32. Raxa5 {[%clk 0:04:12]} Rxa5 {[%clk 0:18:00]} 33. Rxa5
{[%clk 0:04:41]} Qf4 {[%clk 0:18:19]} 34. Qb2 {[%clk 0:03:21]} Qe4
{[%clk 0:13:52]} 35. Ra1 {[%clk 0:03:15]} g4 {[%clk 0:14:16]} 36. Ne1
{[%clk 0:02:31]} h5 {[%clk 0:14:07]} 37. Rd1 {[%clk 0:02:17]} Bg6
{[%clk 0:13:56]} 38. Nd3 {[%clk 0:01:51]} h4 {[%clk 0:14:23]} 39. Nc5
{[%clk 0:02:13]} Qf5 {[%clk 0:14:49]} 40. b4 {[%clk 0:01:49]} Bh5
{[%clk 0:13:51]} 41. Ra1 {[%clk 0:00:45]} g3 {[%clk 0:12:11]} 42. hxg3
{[%clk 0:00:58]} hxg3 {[%clk 0:12:38]} 43. fxg3 {[%clk 0:01:10]} Qg5
{[%clk 0:10:47]} 44. Qc3 {[%clk 0:00:57]} Qg6 {[%clk 0:04:46]} 45. Qd3
{[%clk 0:00:32]} Qg4 {[%clk 0:04:54]} 46. b5 {[%clk 0:00:43]} Rb8
{[%clk 0:04:44]} 47. Rf1 {[%clk 0:00:32]} Bg6 {[%clk 0:04:53]} 48. Qd1
{[%clk 0:00:39]} Qxg3 {[%clk 0:03:06]} 49. Qf3 {[%clk 0:00:32]} Qxf3
{[%clk 0:02:06]} 50. Rxf3 {[%clk 0:01:01]} Rxb5 {[%clk 0:02:34]} 51. Nxe6
{[%clk 0:01:29]} Rb6 {[%clk 0:01:55]} 52. Rf8+ {[%clk 0:01:23]} Kh7
{[%clk 0:02:24]} 53. Nc5 {[%clk 0:01:19]} Rb4 {[%clk 0:02:15]} 54. Rf4
{[%clk 0:00:44]} Kh6 {[%clk 0:02:43]} 55. Kf2 {[%clk 0:00:32]} Kg5
{[%clk 0:03:13]} 56. Ne6+ {[%clk 0:00:54]} Kh5 {[%clk 0:02:20]} 57. Nxg7+
{[%clk 0:01:08]} Kh6 {[%clk 0:02:48]} 58. Ne6 {[%clk 0:01:29]} Be4
{[%clk 0:03:13]} 59. g4 {[%clk 0:01:00]} Rb2+ {[%clk 0:03:31]} 60. Ke3
{[%clk 0:00:53]} Rb3+ {[%clk 0:03:45]} 61. Kd2 {[%clk 0:01:16]} Rd3+
{[%clk 0:04:09]} 62. Ke2 {[%clk 0:01:40]} Rg3 {[%clk 0:04:17]} 63. Rf6+
{[%clk 0:01:49]} Kg7 {[%clk 0:05:04]} 64. Ng5 {[%clk 0:01:53]} 1-0

[Event "Iran Chess Championship Semi Final 2015 "]
[Site "Rasht , Iran"]
[Date "2015.12.14"]
[Round "2"]
[Board "10"]
[White "Sadeh, Shahin"]
[Black "Tahbaz, Arash"]
[Result "1-0"]
[WhiteElo "2284"]
[BlackElo "2297"]
[PlyCount "0"]
[EventDate "2015.12.13"]
[EventRounds "9"]
[EventCountry "IRI"]

1. Nf3 {[%clk 1:23:39]} Nf6 {[%clk 1:28:58]} 2. d4 {[%clk 1:23:30]} g6
{[%clk 1:29:16]} 3. Nbd2 {[%clk 1:19:34]} Bg7 {[%clk 1:27:21]} 4. e4
{[%clk 1:19:36]} d6 {[%clk 1:24:13]} 5. Bd3 {[%clk 1:17:22]} O-O {[%clk 1:24:18]}
6. O-O {[%clk 1:16:52]} Nc6 {[%clk 1:18:20]} 7. c3 {[%clk 1:08:42]} Nd7
{[%clk 1:15:56]} 8. b4 {[%clk 1:02:05]} e5 {[%clk 1:14:45]} 9. b5
{[%clk 1:02:24]} Ne7 {[%clk 1:12:14]} 10. a4 {[%clk 0:48:42]} exd4
{[%clk 1:01:26]} 11. cxd4 {[%clk 0:49:02]} Nc5 {[%clk 0:56:38]} 12. Be2
{[%clk 0:46:32]} Ne6 {[%clk 0:43:51]} 13. Nb3 {[%clk 0:43:55]} f5
{[%clk 0:36:56]} 14. e5 {[%clk 0:42:40]} Nd5 {[%clk 0:36:19]} 15. Bc4
{[%clk 0:33:23]} Nb6 {[%clk 0:35:35]} 16. Bxe6+ {[%clk 0:21:52]} Bxe6
{[%clk 0:36:04]} 17. a5 {[%clk 0:22:21]} Nd5 {[%clk 0:32:51]} 18. Ng5
{[%clk 0:21:38]} Bc8 {[%clk 0:15:23]} 19. Qf3 {[%clk 0:18:54]} c6
{[%clk 0:07:04]} 20. a6 {[%clk 0:17:59]} Qd7 {[%clk 0:03:00]} 21. axb7
{[%clk 0:13:30]} Bxb7 {[%clk 0:03:24]} 22. exd6 {[%clk 0:13:15]} cxb5
{[%clk 0:00:43]} 23. Nc5 {[%clk 0:13:44]} Qc6 {[%clk 0:00:47]} 24. Nge6
{[%clk 0:13:16]} Rfe8 {[%clk 0:00:35]} 25. Bb2 {[%clk 0:10:51]} Bf6
{[%clk 0:00:35]} 26. Nxb7 {[%clk 0:10:52]} Rxe6 {[%clk 0:00:51]} 27. Rfc1
{[%clk 0:08:15]} Qxb7 {[%clk 0:00:59]} 28. Rc7 {[%clk 0:08:43]} Rae8
{[%clk 0:00:54]} 29. h3 {[%clk 0:06:29]} Qb6 {[%clk 0:00:32]} 30. Qxd5
{[%clk 0:06:26]} Qxd6 {[%clk 0:00:36]} 31. Qxd6 {[%clk 0:06:26]} Rxd6 32. Raxa7
{[%clk 0:06:32]} h5 {[%clk 0:00:36]} 33. Rab7 {[%clk 0:06:15]} Rd5
{[%clk 0:00:33]} 34. Rc6 {[%clk 0:05:37]} Rf8 {[%clk 0:00:56]} 35. Ba3
{[%clk 0:05:52]} Rf7 {[%clk 0:00:39]} 36. Rc8+ {[%clk 0:06:20]} Rd8
{[%clk 0:00:33]} 37. Rxd8+ {[%clk 0:05:57]} Bxd8 {[%clk 0:01:01]} 38. Rxb5
{[%clk 0:05:04]} Rd7 {[%clk 0:01:20]} 39. d5 {[%clk 0:03:06]} Kf7
{[%clk 0:01:27]} 40. f4 {[%clk 0:02:15]} Bh4 {[%clk 0:01:00]} 41. Kf1
{[%clk 0:01:11]} Bg3 {[%clk 0:00:35]} 42. Bc1 {[%clk 0:01:20]} Rc7
{[%clk 0:00:32]} 43. Be3 {[%clk 0:01:19]} Rc3 {[%clk 0:00:39]} 44. Ke2
{[%clk 0:01:42]} Bh4 {[%clk 0:00:33]} 45. Rb7+ {[%clk 0:01:53]} Kf8
{[%clk 0:00:50]} 46. d6 {[%clk 0:01:48]} Rc6 {[%clk 0:00:32]} 47. Rc7
{[%clk 0:01:29]} Ra6 48. Bc5 {[%clk 0:01:45]} Ra2+ {[%clk 0:00:32]} 49. Kd3
{[%clk 0:02:05]} Ke8 {[%clk 0:00:32]} 50. Rg7 {[%clk 0:02:14]} Kf8
{[%clk 0:00:34]} 51. Rh7 {[%clk 0:01:39]} Ra1 {[%clk 0:00:32]} 52. Bd4
{[%clk 0:01:06]} Rd1+ {[%clk 0:00:32]} 53. Kc4 {[%clk 0:01:30]} Rd2
{[%clk 0:00:31]} 54. g3 {[%clk 0:01:53]} Bxg3 {[%clk 0:00:38]} 55. d7
{[%clk 0:01:32]} Bh4 {[%clk 0:00:51]} 56. Rh8+ {[%clk 0:01:30]} Kf7
{[%clk 0:01:14]} 57. d8=Q {[%clk 0:01:56]} Bxd8 {[%clk 0:01:36]} 58. Rxd8
{[%clk 0:02:22]} Ke6 {[%clk 0:00:50]} 59. Re8+ {[%clk 0:02:35]} Kd6
{[%clk 0:01:10]} 60. Bc5+ {[%clk 0:02:32]} Kd7 {[%clk 0:01:19]} 61. Re7+
{[%clk 0:02:50]} Kd8 {[%clk 0:01:20]} 62. Re3 {[%clk 0:03:11]} Kc7
{[%clk 0:01:39]} 63. Rd3 {[%clk 0:03:06]} Rg2 {[%clk 0:01:29]} 64. Kd5
{[%clk 0:03:14]} g5 {[%clk 0:01:49]} 65. fxg5 {[%clk 0:03:35]} Rxg5
{[%clk 0:02:17]} 66. Bd6+ {[%clk 0:03:58]} Kd7 {[%clk 0:01:42]} 67. Bf4
{[%clk 0:04:26]} Rg1 {[%clk 0:01:40]} 68. Ke5+ {[%clk 0:04:53]} Ke7
{[%clk 0:01:59]} 69. Kxf5 {[%clk 0:05:15]} Kf7 {[%clk 0:02:16]} 70. Rd7+
{[%clk 0:05:19]} Kg8 {[%clk 0:02:31]} 71. Bg5 {[%clk 0:05:19]} h4
{[%clk 0:02:22]} 1-0

[Event "Iran Chess Championship Semi Final 2015 "]
[Site "Rasht , Iran"]
[Date "2015.12.14"]
[Round "2"]
[Board "11"]
[White "Daghli, Arash"]
[Black "Galehdari, Bardia"]
[Result "1/2-1/2"]
[WhiteElo "2071"]
[BlackElo "2141"]
[PlyCount "0"]
[EventDate "2015.12.13"]
[EventRounds "9"]
[EventCountry "IRI"]

1. e4 {[%clk 1:30:18]} e5 {[%clk 1:23:58]} 2. Bc4 {[%clk 1:30:37]} Nf6
{[%clk 1:23:07]} 3. d3 {[%clk 1:30:57]} Bc5 {[%clk 1:21:24]} 4. Nc3
{[%clk 1:31:15]} c6 {[%clk 1:21:36]} 5. Nf3 {[%clk 1:30:12]} d6 {[%clk 1:20:32]}
6. O-O {[%clk 1:29:57]} Bb6 {[%clk 1:20:23]} 7. a3 {[%clk 1:26:24]} Nbd7
{[%clk 1:20:08]} 8. Ba2 {[%clk 1:26:01]} Nf8 {[%clk 1:18:44]} 9. Ng5
{[%clk 1:21:51]} Ne6 {[%clk 1:15:07]} 10. Nxe6 {[%clk 1:20:53]} Bxe6
{[%clk 1:15:30]} 11. Na4 {[%clk 1:05:21]} Bxa2 {[%clk 1:09:02]} 12. Nxb6
{[%clk 1:03:27]} axb6 {[%clk 1:08:45]} 13. Rxa2 {[%clk 1:03:55]} Qe7
{[%clk 1:08:21]} 14. Be3 {[%clk 1:03:10]} b5 {[%clk 1:05:01]} 15. Ra1
{[%clk 0:59:56]} d5 {[%clk 1:01:27]} 16. f3 {[%clk 0:51:14]} h6 {[%clk 1:01:28]}
17. Qe2 {[%clk 0:44:10]} O-O {[%clk 1:00:39]} 18. Qf2 {[%clk 0:43:45]} Nd7
{[%clk 0:58:26]} 19. Bd2 {[%clk 0:37:05]} Qe6 {[%clk 0:57:49]} 20. Rae1
{[%clk 0:36:00]} f5 {[%clk 0:48:42]} 21. Qg3 {[%clk 0:28:45]} f4 {[%clk 0:47:23]}
22. exd5 {[%clk 0:28:18]} Qf5 {[%clk 0:46:27]} 23. Qh4 {[%clk 0:18:48]} cxd5
{[%clk 0:46:25]} 24. Qe7 {[%clk 0:18:51]} Rac8 {[%clk 0:41:56]} 25. Qd6
{[%clk 0:18:47]} d4 {[%clk 0:30:10]} 26. Qd5+ {[%clk 0:12:57]} Rf7
{[%clk 0:29:03]} 27. Rc1 {[%clk 0:10:44]} Rc5 {[%clk 0:28:58]} 28. Qxb7
{[%clk 0:10:26]} Nf6 {[%clk 0:28:52]} 29. Qb6 {[%clk 0:09:29]} Rfc7
{[%clk 0:28:07]} 30. b4 {[%clk 0:07:02]} Rxc2 {[%clk 0:28:21]} 31. Qxb5
{[%clk 0:07:15]} Rxd2 {[%clk 0:26:51]} 32. Qb8+ {[%clk 0:05:44]} Kh7
{[%clk 0:26:53]} 33. Qxc7 {[%clk 0:05:01]} Nd5 {[%clk 0:25:51]} 34. Qc6
{[%clk 0:03:24]} Nc3 {[%clk 0:24:31]} 35. Rxc3 {[%clk 0:02:43]} dxc3
{[%clk 0:25:00]} 36. Qxc3 {[%clk 0:03:12]} Rxd3 {[%clk 0:25:15]} 37. Qc2
{[%clk 0:02:52]} Qd7 {[%clk 0:24:09]} 38. h3 {[%clk 0:01:05]} Kh8
{[%clk 0:22:54]} 39. a4 {[%clk 0:00:49]} Rd4 {[%clk 0:22:35]} 40. Rc1
{[%clk 0:00:36]} Rxb4 {[%clk 0:22:31]} 41. Qc8+ {[%clk 0:01:05]} Qxc8
{[%clk 0:22:50]} 42. Rxc8+ {[%clk 0:01:34]} Kh7 {[%clk 0:23:07]} 43. a5
{[%clk 0:02:04]} Rb1+ {[%clk 0:22:48]} 44. Kf2 {[%clk 0:02:12]} Rb2+
{[%clk 0:23:11]} 45. Kf1 {[%clk 0:01:57]} Rb1+ {[%clk 0:23:27]} 46. Ke2
{[%clk 0:01:44]} Rb2+ {[%clk 0:23:49]} 47. Kf1 {[%clk 0:01:25]} Rb1+
{[%clk 0:24:11]} 48. Ke2 {[%clk 0:01:55]} Rb2+ {[%clk 0:24:40]} 1/2-1/2

[Event "Iran Chess Championship Semi Final 2015 "]
[Site "Rasht , Iran"]
[Date "2015.12.14"]
[Round "2"]
[Board "12"]
[White "Shah Moradi, Mohammad"]
[Black "Gholami, Aryan"]
[Result "0-1"]
[WhiteElo "2157"]
[BlackElo "2422"]
[PlyCount "0"]
[EventDate "2015.12.13"]
[EventRounds "9"]
[EventCountry "IRI"]

1. e4 {[%clk 1:26:33]} c5 {[%clk 1:30:17]} 2. Nf3 {[%clk 1:26:56]} e6
{[%clk 1:30:09]} 3. Nc3 {[%clk 1:26:48]} a6 {[%clk 1:30:16]} 4. d4
{[%clk 1:27:09]} cxd4 {[%clk 1:30:39]} 5. Nxd4 {[%clk 1:27:37]} Qc7
{[%clk 1:25:18]} 6. Bd3 {[%clk 1:27:47]} Nf6 {[%clk 1:21:53]} 7. f4
{[%clk 1:26:15]} d6 {[%clk 1:21:24]} 8. Qe2 {[%clk 1:26:27]} g6 {[%clk 1:20:28]}
9. O-O {[%clk 1:08:11]} Bg7 {[%clk 1:20:41]} 10. Be3 {[%clk 1:06:54]} O-O
{[%clk 1:19:48]} 11. a4 {[%clk 1:07:07]} Nc6 {[%clk 1:18:43]} 12. Nb3
{[%clk 1:05:33]} b6 {[%clk 1:17:54]} 13. g4 {[%clk 1:04:47]} Bb7 {[%clk 1:12:37]}
14. g5 {[%clk 1:04:28]} Nd7 {[%clk 1:12:33]} 15. f5 {[%clk 1:01:34]} Rfe8
{[%clk 1:01:32]} 16. f6 {[%clk 0:49:25]} Bf8 {[%clk 1:01:51]} 17. Rad1
{[%clk 0:31:17]} Nce5 {[%clk 0:57:37]} 18. Qg2 {[%clk 0:24:44]} Rad8
{[%clk 0:46:32]} 19. Bf4 {[%clk 0:22:36]} d5 {[%clk 0:39:54]} 20. Rfe1
{[%clk 0:14:49]} Qc8 {[%clk 0:31:19]} 21. exd5 {[%clk 0:12:20]} exd5
{[%clk 0:31:29]} 22. Qg3 {[%clk 0:09:47]} Nc4 {[%clk 0:23:37]} 23. Bc7
{[%clk 0:08:09]} Nxb2 {[%clk 0:17:57]} 24. Bxd8 {[%clk 0:07:20]} Rxd8
{[%clk 0:18:18]} 25. Bf1 {[%clk 0:05:10]} Nxd1 {[%clk 0:18:32]} 26. Rxd1
{[%clk 0:05:38]} Nc5 {[%clk 0:16:13]} 27. Bh3 {[%clk 0:05:53]} Qa8
{[%clk 0:15:26]} 28. Bg2 {[%clk 0:04:34]} Ne4 {[%clk 0:11:11]} 29. Nxe4
{[%clk 0:03:17]} dxe4 {[%clk 0:11:39]} 30. Qe1 {[%clk 0:03:06]} Rxd1
{[%clk 0:11:04]} 31. Qxd1 {[%clk 0:03:35]} Qc8 {[%clk 0:09:56]} 32. Qd4
{[%clk 0:03:03]} Qxc2 {[%clk 0:09:59]} 33. Qxb6 {[%clk 0:03:13]} Bd5
{[%clk 0:10:14]} 34. Nd4 {[%clk 0:02:45]} Qc1+ {[%clk 0:10:17]} 35. Kf2
{[%clk 0:03:00]} e3+ {[%clk 0:10:06]} 36. Kg3 {[%clk 0:03:08]} Qe1+
{[%clk 0:09:51]} 0-1

[Event "Iran Chess Championship Semi Final 2015 "]
[Site "Rasht , Iran"]
[Date "2015.12.14"]
[Round "3"]
[Board "1"]
[White "Noroozi, Omid"]
[Black "Tabatabaei, M.Amin"]
[Result "0-1"]
[WhiteElo "2380"]
[BlackElo "2482"]
[PlyCount "0"]
[EventDate "2015.12.13"]
[EventRounds "9"]
[EventCountry "IRI"]

1. c4 {[%clk 1:30:24]} c5 {[%clk 1:27:10]} 2. Nf3 {[%clk 1:30:46]} Nc6
{[%clk 1:27:17]} 3. Nc3 {[%clk 1:31:11]} g6 {[%clk 1:27:21]} 4. e3
{[%clk 1:31:35]} Nf6 {[%clk 1:27:43]} 5. d4 {[%clk 1:31:59]} cxd4
{[%clk 1:28:07]} 6. exd4 {[%clk 1:32:24]} d5 {[%clk 1:28:28]} 7. cxd5
{[%clk 1:32:44]} Nxd5 {[%clk 1:28:52]} 8. Qb3 {[%clk 1:33:05]} Nxc3
{[%clk 1:27:57]} 9. Bc4 {[%clk 1:33:26]} Nd5 {[%clk 1:28:22]} 10. Bxd5
{[%clk 1:33:49]} e6 {[%clk 1:28:44]} 11. Bxc6+ {[%clk 1:34:15]} bxc6
{[%clk 1:29:08]} 12. O-O {[%clk 1:34:39]} f6 {[%clk 1:29:30]} 13. Nd2
{[%clk 1:35:02]} Qd5 {[%clk 1:22:11]} 14. Re1 {[%clk 1:21:10]} Be7
{[%clk 1:21:41]} 15. Qc2 {[%clk 1:15:42]} c5 {[%clk 1:11:02]} 16. dxc5
{[%clk 1:12:13]} Qxc5 {[%clk 1:10:56]} 17. Qe4 {[%clk 1:02:14]} Rb8
{[%clk 1:10:36]} 18. Nb3 {[%clk 0:58:20]} Qb4 {[%clk 1:08:54]} 19. Qe2
{[%clk 0:50:46]} O-O {[%clk 1:05:51]} 20. Be3 {[%clk 0:49:46]} a6
{[%clk 0:46:15]} 21. Rac1 {[%clk 0:45:07]} e5 {[%clk 0:45:48]} 22. Rc7
{[%clk 0:32:21]} Bd6 {[%clk 0:37:06]} 23. Rc6 {[%clk 0:26:33]} Be7
{[%clk 0:32:48]} 24. Rec1 {[%clk 0:24:24]} Bb7 {[%clk 0:14:49]} 25. Rb6
{[%clk 0:16:18]} Bf3 {[%clk 0:14:14]} 26. Qxf3 {[%clk 0:14:03]} Rxb6
{[%clk 0:14:35]} 27. Bxb6 {[%clk 0:13:47]} Qxb6 {[%clk 0:14:54]} 28. h4
{[%clk 0:11:35]} Rd8 {[%clk 0:10:22]} 29. h5 {[%clk 0:10:51]} a5 {[%clk 0:09:41]}
30. Qg4 {[%clk 0:06:07]} Kg7 {[%clk 0:08:14]} 31. g3 {[%clk 0:04:55]} f5
{[%clk 0:06:11]} 32. Qa4 {[%clk 0:04:41]} gxh5 {[%clk 0:04:18]} 33. Qxa5
{[%clk 0:04:10]} Qf6 {[%clk 0:03:59]} 34. Qa7 {[%clk 0:03:48]} f4
{[%clk 0:02:52]} 35. Nc5 {[%clk 0:00:56]} Kg8 {[%clk 0:00:35]} 36. Ne4
{[%clk 0:01:12]} Qe6 {[%clk 0:01:02]} 37. Kh2 {[%clk 0:00:34]} f3
{[%clk 0:00:39]} 38. Qe3 {[%clk 0:00:35]} Rf8 {[%clk 0:00:53]} 39. Qb3
{[%clk 0:00:32]} Qxb3 {[%clk 0:01:15]} 40. axb3 {[%clk 0:01:01]} h4
{[%clk 0:00:40]} 41. Rc7 {[%clk 0:00:40]} Bd8 {[%clk 0:00:42]} 42. Rd7
{[%clk 0:00:35]} Bb6 {[%clk 0:00:44]} 43. gxh4 {[%clk 0:00:39]} Rf4
{[%clk 0:01:06]} 44. Ng5 {[%clk 0:00:49]} h6 {[%clk 0:00:48]} 45. Rd6
{[%clk 0:00:38]} hxg5 {[%clk 0:00:37]} 46. Rxb6 {[%clk 0:01:05]} gxh4
{[%clk 0:00:37]} 47. Kh3 {[%clk 0:00:56]} Kf7 {[%clk 0:00:53]} 48. Rc6
{[%clk 0:00:36]} Rd4 {[%clk 0:00:35]} 49. Rc3 {[%clk 0:00:49]} e4
{[%clk 0:00:59]} 50. Re3 {[%clk 0:01:09]} Kf6 {[%clk 0:01:19]} 51. Kxh4
{[%clk 0:01:25]} Kf5 {[%clk 0:01:43]} 52. Kg3 {[%clk 0:01:00]} Rd8
{[%clk 0:01:37]} 53. Rc3 {[%clk 0:00:55]} Rg8+ {[%clk 0:01:58]} 54. Kh3
{[%clk 0:01:24]} Ke5 0-1